000 00962nam a22003017a 4500
003 CHAP
005 20220329140527.0
008 971013s1973 r 00010 d
010 _a53370
011 _a54342
035 _a58493
040 _cCHAP
082 _a001.6424
_bW4Y
100 0 0 _aWeiss, Eric.
_9121392
245 _aPL
_c/ I para usuarios de FORTRAN: introducción a un lenguaje de aplicación general
260 _aMéxico, D.F. :
_bLimusa-Wiley,
_c1973
300 _a129 p.
590 _aBATCH-UPD
_b10
_c20130110
_lUCH01
_h0208
590 _aBATCH-UPD
_b10
_c20130409
_lUCH01
_h2221
590 _aBATCH-UPD
_b10
_c20130410
_lUCH01
_h1558
590 _aBATCH-UPD
_b10
_c20130914
_lUCH01
_h1432
590 _aCONVERSION
_b10
_c20130109
_lUCH01
_h1329
650 1 4 _aFORTRAN (Programación)
_942651
650 1 4 _aPL/1 (Programación)
_988623
901 _aBK
942 _cLIBRO
949 _a001.6424 W4Y
_bBC
_cLIBRO
_d33724000287199
_eLIBRO
_h1161
_i58493
_si
999 _c53370
_d53370